[Event "Victoria de Giron Cup tt"]
[Site "Matanzas"]
[Date "2018.10.05"]
[Round "8.2"]
[White "Rodriguez Naranjo, Diosbel Manue"]
[Black "Gonzalez Torres, Roxana"]
[Result "1-0"]
[WhiteElo "1844"]
[BlackElo "1829"]
[PlyCount "89"]
[EventDate "2018.10.02"]
[EventType "team-tourn"]
[EventRounds "9"]
[EventCountry "CUB"]
[SourceTitle "EXT 2021"]
[Source "ChessBase"]
[SourceDate "2020.10.23"]
[SourceVersion "1"]
[SourceVersionDate "2020.10.23"]
[SourceQuality "1"]

1. d4 d5 2. c4 e6 3. Nc3 Nf6 4. Nf3 Be7 5. Bf4 a6 6. c5 Nc6 7. a3 0-0 8. h3 Ne4 9. Qc2 Ng5 10. Nxg5 Bxg5 11. Qd2 Bf6 12. e3 Bg5 13. Bh2 e5 14. Bxe5 Nxe5 15. dxe5 c6 16. Na4 Be6 17. Be2 Be7 18. 0-0 f6 19. exf6 Bxf6 20. Rac1 Qc7 21. Qd1 Rad8 22. Qb3 Qf7 23. Kh2 d4 24. Bc4 Bxc4 25. Qxc4 Qxc4 26. Rxc4 dxe3 27. f3 Rfe8 28. Re1 Kf7 29. Rc2 Bh4 30. Ree2 Bg5 31. Nc3 Rd2 32. Ne4 Rxc2 33. Rxc2 Kg6 34. Re2 Bh6 35. g3 Re5 36. Kg2 Kf5 37. Nd6+ Ke6 38. Nxb7 Kd5 39. f4 Re6 40. Kf3 Kd4 41. Nd8 Re8 42. Nxc6+ Kxc5 43. Ne5 g5 44. Rxe3 gxf4 45. Nd3+ 1-0

[Event "Guillermo Garcia Memorial op 27th"]
[Site "Santa Clara"]
[Date "2018.05.25"]
[Round "4"]
[White "Gonzalez Torres, Roxana"]
[Black "Garcia Matos, Maury"]
[Result "1/2-1/2"]
[WhiteElo "1827"]
[BlackElo "1741"]
[PlyCount "24"]
[EventDate "2018.05.22"]
[EventType "swiss"]
[EventRounds "9"]
[EventCountry "CUB"]
[SourceTitle "CBM 184 Extra"]
[Source "ChessBase"]
[SourceDate "2018.06.28"]
[SourceVersion "1"]
[SourceVersionDate "2018.06.28"]
[SourceQuality "1"]

1. d4 c6 2. Nf3 d5 3. e3 Bg4 4. Bd3 Nd7 5. Nbd2 e5 6. dxe5 Nxe5 7. Be2 Nxf3+ 8. Bxf3 Bxf3 9. Nxf3 Nf6 10. 0-0 Bd6 11. Qd3 Qc7 12. Bd2 0-0-0 1/2-1/2

[Event "Guillermo Garcia Memorial op 27th"]
[Site "Santa Clara"]
[Date "2018.05.22"]
[Round "1"]
[White "Munoz Perez, Rolando"]
[Black "Gonzalez Torres, Roxana"]
[Result "1-0"]
[WhiteElo "2172"]
[BlackElo "1827"]
[PlyCount "125"]
[EventDate "2018.05.22"]
[EventType "swiss"]
[EventRounds "9"]
[EventCountry "CUB"]
[SourceTitle "CBM 184 Extra"]
[Source "ChessBase"]
[SourceDate "2018.06.28"]
[SourceVersion "1"]
[SourceVersionDate "2018.06.28"]
[SourceQuality "1"]

1. d4 Nf6 2. c4 e6 3. g3 d5 4. Nf3 c5 5. cxd5 Qxd5 6. Nc3 Qd8 7. Bg2 Nc6 8. Qa4 Bd7 9. dxc5 Bxc5 10. Qc4 Be7 11. 0-0 0-0 12. Rd1 Rc8 13. Qd3 Nb4 14. Qb1 Qb6 15. Be3 Bc5 16. Bd4 Bxd4 17. Nxd4 Rfd8 18. a3 Nc6 19. e3 Nxd4 20. Rxd4 Bc6 21. Rb4 Qa6 22. e4 Qd3 23. Qe1 a5 24. Bf1 Qd2 25. Rb3 Rd4 26. Qxd2 Rxd2 27. Re1 Rcd8 28. Bb5 Rc2 29. Bxc6 bxc6 30. f3 g6 31. Re2 Rdd2 32. Kf2 Nd7 33. Ke3 Rxe2+ 34. Nxe2 Nc5 35. Rc3 Rxc3+ 36. Nxc3 Kf8 37. Kd4 Nd7 38. Na4 Ke7 39. Nc5 e5+ 40. Kc4 Nb6+ 41. Kc3 f5 42. Nb7 a4 43. Kb4 fxe4 44. fxe4 Kd7 45. Nc5+ Kd6 46. Nxa4 Nd7 47. Nc3 Nf6 48. a4 Ng4 49. h3 Nf6 50. h4 h5 51. Kc4 Ng4 52. Ne2 Nf2 53. Nc3 Nh1 54. b4 Nxg3 55. a5 Kc7 56. b5 cxb5+ 57. Kxb5 Kb7 58. a6+ Ka7 59. Ka5 g5 60. hxg5 h4 61. g6 Nh5 62. Nb5+ Ka8 63. Kb6 1-0

[Event "Capablanca Memorial op 52nd"]
[Site "Matanzas"]
[Date "2017.05.27"]
[Round "1"]
[White "Gonzalez Torres, Roxana"]
[Black "Cardoso Cardoso, Jose Gabriel"]
[Result "1/2-1/2"]
[WhiteElo "1846"]
[BlackElo "2138"]
[PlyCount "46"]
[EventDate "2017.05.27"]
[EventType "swiss"]
[EventRounds "10"]
[EventCountry "CUB"]
[SourceTitle "EXT 2018"]
[Source "ChessBase"]
[SourceDate "2017.10.13"]
[SourceVersion "1"]
[SourceVersionDate "2017.10.13"]
[SourceQuality "1"]

1. d4 Nf6 2. Nf3 g6 3. Nbd2 d5 4. e3 Bg7 5. Bd3 0-0 6. 0-0 c5 7. c3 Nbd7 8. Re1 e6 9. b3 b6 10. Bb2 Bb7 11. c4 Ne4 12. Qc2 Nxd2 13. Qxd2 dxc4 14. Bxc4 Bxf3 15. gxf3 Qg5+ 16. Kh1 Rfd8 17. dxc5 Ne5 18. Qe2 Qh5 19. Kg2 Rd2 20. Qxd2 Qxf3+ 21. Kg1 Qg4+ 22. Kh1 Qf3+ 23. Kg1 Qg4+ 1/2-1/2